1098 1338 1007 1105 1281 1398 1944 1609 1421 1842 1916 1678 1128 1256 1591 1122 1352 1844 1214 1760 1285 1470 1208 1081 1251 1366 1371 1631 1738 1037 1175 1017 1620 1888 1810 1330 1806 1325 1880 1643 1329 1297 1052 1200 1815 1118 1398 1518 1998 1852 1052 1903 1983 1873 1634 1993 1525 1665 1216 1367 1102 1021 1622 1518 1944 1426 1552 1856 1557 1396 1244 1155 1678 1345 1684 1925 1197 1287 1485 1438 1175 1425 1193 1261 1008 1943 1045 1020 1917 1617 1077 1387 1487 1093 1480 1400 1395 1382 1106 BCNSPRNW ULIB Ver.6.0+V

เปลี่ยนเป็นภาษาไทย

Change to English
 แสดงรายละเอียดบรรณานุกรม
  กลับหน้าหลัก

Brief Record : Get Marc (ISO 2709) : E-mail record : QR code < ปิดหน้าต่าง
LEADER : 00000nam 2200000uu 4500
001    13399114483
003     ULIB
008    110125s||||||||th 000 0 tha d
020    9786167323268
060  4 ^aW225.JT3^bค695
245 00 คู่มือหลักประกันสุขภาพแห่งชาติ ปีงบประมาณ 2555 /^cสำนักงานหลักประกันสุขภาพแห่งชาติ
246 30 คู่มือหลักประกันสุขภาพแห่งชาติ
250    พิมพ์ครั้งที่ 1
260    นนทบุรี :^bสำนักงานหลักประกันสุขภาพแห่งชาติ ,^c2555
300    299 หน้า ;^c21 ซม.
500    เลขเรียกหนังสือใช้ปีเนื้อหาของข้อมูล
504    สำหรับผู้บริหาร/ผู้ปฎิบัติงาน/ผู้สร้างหลักประกันสุขภาพถ้วนหน้า
650  7 บริการสุขภาพ^vคู่มือ
650  7 ประกันสุขภาพ^vคู่มือ
653    หลักประกันสุขภาพแห่งชาติ
710 2  สำนักงานหลักประกันสุขภาพแห่งชาติ
945    ^p0^l0^i031602
945    ^p0^l0^i031603
995    ทศพร
999 ^a ใช้งานได้ทุกระบบ
รายการนี้ยังไม่มีแท็ก
คุณยังไม่ได้ล็อกอิน คุณสามารถมีกิจกรรมร่วมกับเว็บไซต์ได้ แต่ต้องล็อกอินก่อน ::
  ล็อกอิน

รายการสื่อสารสนเทศ

ลำดับที่ ประเภท เลขเรียก/บาร์โค้ด สถานที่ สถานะ
1. วิทยาศาสตร์การแพทย์ และสุขภาพ
หนังสือสำรอง
สถานะ=หนังสือสำรอง
W225.JT3 ค695 ฉ.1 
  Barcode: 031602
ห้องสมุดวิทยาเขตสวรรค์ประชารักษ์
►ส่วนจัดเก็บหนังสือเก่า สปร
บนชั้น
  ขอยืม
2. วิทยาศาสตร์การแพทย์ และสุขภาพ
วิทยาศาสตร์การแพทย์ และสุขภาพ
W225.JT3 ค695 ฉ.2 
  Barcode: 031603
ห้องสมุดวิทยาเขตสวรรค์ประชารักษ์
►ส่วนจัดเก็บหนังสือเก่า สปร
บนชั้น
  ขอยืม

BibComment


ยังไม่เคยถูกคอมเมนท์

คอมเมนท์ทรัพยากรรายการนี้
  คอมเมนท์: คู่มือหลักประกันส..


 Copyright 2026. Bcnsprnw @Library